Design & build (Record no. 43968)

MARC details
000 -LEADER
fixed length control field 00981cab a2200277 4500
001 - CONTROL NUMBER
control field ABS49092
008 - FIXED-LENGTH DATA ELEMENTS--GENERAL INFORMATION
fixed length control field 090401t1993 xxu||||| |||| 00| 0 eng d
035 ## - SYSTEM CONTROL NUMBER
System control number (Sirsi) u69917
041 ## - LANGUAGE CODE
Language code of text/sound track or separate title eng
245 ## - TITLE STATEMENT
Title Design & build
260 ## - PUBLICATION, DISTRIBUTION, ETC.
Date of publication, distribution, etc. 1993
300 ## - PHYSICAL DESCRIPTION
Extent LOAN
350 ## - PRICE (NR) (BK AM CF MU VM SE) [OBSOLETE]
Price 0
490 ## - SERIES STATEMENT
Series statement Building
Volume/sequential designation Supplement July 1993 (24)
520 ## - SUMMARY, ETC.
Summary, etc. Findings from a survey of clients on the perceived benefits of D&B introduces this supplement. Other articles discuss the architect`s role and the shortcomings of the brief in many D&B contracts. Three examples of completed projects are given: two college schemes and three buildings for Rank Xerox.
650 ## - SUBJECT ADDED ENTRY--TOPICAL TERM
Topical term or geographic name entry element CLIENTS
650 ## - SUBJECT ADDED ENTRY--TOPICAL TERM
Topical term or geographic name entry element CONSTRUCTION PROCUREMENT
650 ## - SUBJECT ADDED ENTRY--TOPICAL TERM
Topical term or geographic name entry element DESIGN AND BUILD
650 ## - SUBJECT ADDED ENTRY--TOPICAL TERM
Topical term or geographic name entry element NOVATION
650 ## - SUBJECT ADDED ENTRY--TOPICAL TERM
Topical term or geographic name entry element QUEEN MARY AND WESTFIELD COLLEGE
650 ## - SUBJECT ADDED ENTRY--TOPICAL TERM
Topical term or geographic name entry element TRURO COLLEGE
650 ## - SUBJECT ADDED ENTRY--TOPICAL TERM
Topical term or geographic name entry element UNIVERSITY OF LONDON
690 ## - LOCAL SUBJECT ADDED ENTRY--TOPICAL TERM (OCLC, RLIN)
Topical term or geographic name as entry element BUILT ENVIRONMENT-BUILDING CONTRACT FORMS
942 ## - ADDED ENTRY ELEMENTS (KOHA)
Suppress in OPAC 0
948 ## - LOCAL PROCESSING INFORMATION (OCLC); SERIES PART DESIGNATOR (RLIN)
c (OCLC) 04/03/1997
Holdings
Withdrawn status Lost status Source of classification or shelving scheme Damaged status Not for loan Home library Current library Shelving location Date acquired Total Checkouts Full call number Barcode Date last seen Date last checked out Copy number Price effective from Koha item type Cost, normal purchase price Cost, replacement price
    Dewey Decimal Classification     London London Journal article 01/09/1993 2 ABS49092 30039509 06/08/2019 14/03/2000 1 06/08/2019 Journal article    
    Dewey Decimal Classification     London London Journal article 14/09/1999 1 ABS49092 30052946 06/08/2019 07/10/1999 2 06/08/2019 Journal article 5.00 5.00